Logo BPK

Biblioteka

Politechniki Koszalińskiej

Słownik polsko-francuski francusko-polski z gramatyką / (Rekord nr 46590)

Szczegóły MARC
000 -ETYKIETA REKORDU
podpole kontrolne o stałej długości 01029nam a2200289 i 4500
001 - NUMER KONTROLNY REKORDU
pole kontrolne bg
020 ## - MIĘDZYNARODOWY ZNORMALIZOWANY NUMER KSIĄŻKI - ISBN
ISBN 8360004005 (całość)
020 ## - MIĘDZYNARODOWY ZNORMALIZOWANY NUMER KSIĄŻKI - ISBN
ISBN 8360004048 (t.4)
040 ## - ŹRÓDŁO KATALOGOWANIA
Instytucja, która utworzyła rekord BPK
041 0# - KOD JĘZYKA
Kod języka tekstu polfra
080 ## - UNIWERSALNA KLASYFIKACJA DZIESIĘTNA - UKD
UKD 811.133.1:811.162.1]'374
920 ## - Międzynarodowy znormalizowany numer książki – ISBN
ISBN 83-60004-00-5 (całość)
920 ## - Międzynarodowy znormalizowany numer książki – ISBN
ISBN 83-60004-04-8 (t.4)
008 - POLE O STAŁEJ DŁUGOŚCI - DANE KONTROLNE
podpole kontrolne o stałej długości s pl f |000 0 pol
245 00 - TYTUŁ/ODPOWIEDZIALNOŚĆ
Tytuł Słownik polsko-francuski francusko-polski z gramatyką /
Pozostałe elementy strefy tytułu i oznaczenia odpowiedzialności [słownik autorstwa Mirosławy Słobodskiej ; gramatyka oprac. przez S. Vieillard i zaadapt. przez A. Goldschneider i S. Lenart].
260 ## - STREFA ADRESU WYDAWNICZEGO
Miejsce wydania Warszawa :
Nazwa wydawcy/dystrybutora Langenscheidt,
Data publikacji, dystrybucji/powstania dokumentu 2005.
490 1# - STREFA SERII I DOKUMENTU WIELOCZĘŚCIOWEGO - FORMA NIE DO WYSZUKIWANIA
Tytuł i oznaczenie odpowiedzialności serii Biblioteka Gazety Wyborczej
500 ## - UWAGI OGÓLNE
Tekst uwagi Tyt. okł. i grzbiet.: Słownik.T. 4,polsko-francuski francusko-polski.
650 #4 - HASŁO PRZEDMIOTOWE W FORMIE NAZWY OGÓLNEJ LUB JEDNOSTKOWEJ
Nazwa ogólna lub geograficzna Słowniki francusko-polskie
650 #4 - HASŁO PRZEDMIOTOWE W FORMIE NAZWY OGÓLNEJ LUB JEDNOSTKOWEJ
Nazwa ogólna lub geograficzna Słowniki polsko-francuskie
700 1# - HASŁO DODATKOWE - NAZWA OSOBOWA
Nazwa osobowa Słobodska, Mirosława.
700 1# - HASŁO DODATKOWE - NAZWA OSOBOWA
Nazwa osobowa VIEILLARD, S.
700 1# - HASŁO DODATKOWE - NAZWA OSOBOWA
Nazwa osobowa Goldschneider, Anna.
700 1# - HASŁO DODATKOWE - NAZWA OSOBOWA
Nazwa osobowa LENART, S.
830 ## - HASŁO DODATKOWE SERII LUB DOKUMENTU WIELOCZĘŚCIOWEGO - TYTUŁ UJEDNOLICONY
Tytuł ujednolicony Biblioteka Gazety Wyborczej
942 ## - DODATKOWE ELEMENTY (KOHA)
Typ dokumentu Książka
Egzemplarze
Wycofany Status egzemplarza Uszkodzony Dostępność Lokalizacja stała Lokalizacja bieżąca Miejsce przechowywania Sygnatura Kod kreskowy Dział Typ dokumentu
      Tylko na miejscu Biblioteka Politechniki Koszalińskiej Biblioteka Politechniki Koszalińskiej Czytelnia BG 76628 02272290 0/9(03) Encyklopedie. Leksykony Książka
© 2023 Biblioteka Politechniki Koszalińskiej :: KOHA